Pays avec les trains les plus ponctuels - Statistiques

Statistiques générales
  • Ce quiz a été pris 76 fois
  • Le résultat moyen est 4 sur 7
Statistiques - réponses
Hint Réponse % Correct
99,9% Japon
96%
75% Allemagne
74%
93,2% Suisse
74%
98,3% Corée du sud
68%
86,4% Pays-Bas
47%
91,8% Autriche
46%
90% Finlande
39%
Aucun quiz correspondant
Distribution des résultats
% des personnes avec chaque résultat
Percentile par nombre de réponses
Votre historique - résultats
Vous n’avez pas pris ce quiz